Paroles - The Adults Are Talking, The Strokes - Statistiques

Statistiques générales
  • Ce quiz a été pris 66 fois
  • Le résultat moyen est 196 sur 302
Statistiques - réponses
Paroles % Correct
I
100%
me
100%
You
100%
you
100%
you,
100%
do
98%
do,
98%
Don’t
96%
don’t
96%
don’t,
96%
the
96%
a
94%
go
94%
then
94%
know
92%
of
92%
there
92%
when
92%
her
90%
think
90%
‘cause
88%
never
88%
return
86%
it
84%
to
84%
To
84%
and
82%
And
82%
and,
82%
you’ll
82%
your
80%
You’re
71%
you’re
71%
But
69%
but
69%
Say
63%
They
63%
make
61%
tryin’
61%
sense
59%
all
57%
are
57%
No
57%
thing
57%
We
57%
we
57%
after
55%
as
55%
Been
55%
ever
55%
right
55%
want
55%
hard
53%
how
53%
same
53%
Same
53%
could
51%
I’m
51%
up
51%
said
49%
Sayin’,
49%
sayin’
49%
us,
49%
us
49%
was
49%
without
49%
wrong
49%
recompense
47%
sophisticated
47%
complain
45%
did
45%
not,
45%
not
45%
They’ve
45%
will
45%
Because
43%
confused
43%
crucify
43%
something
43%
words
43%
climbin’
41%
Climbin’
41%
dreaming
41%
get
41%
great
41%
shame
41%
anything
39%
blame
39%
can’t
39%
here
39%
Here
39%
now
39%
wall
39%
attention
37%
if
37%
were
37%
it’s
35%
or
35%
problem
35%
help
33%
more
33%
overeducated
33%
saying
33%
They’re
33%
way
33%
anyone
31%
askin’
31%
for
31%
Complainin’,
29%
maybe
29%
Oh,
29%
everywhere
27%
fault
27%
questions
27%
excuses
24%
tonight
24%
elevator
22%
shit,
22%
waitin’
22%
different
20%
sometime
20%
Ah
16%
I’ll
16%
lie
16%
Ooh
16%
Information’s
14%
Stockholders
14%
Always
10%
Aucun quiz correspondant
Distribution des résultats
% des personnes avec chaque résultat
Percentile par nombre de réponses
Votre historique - résultats
Vous n’avez pas pris ce quiz